000 02257nam0a2200373 4500
001 RU\NLR\bibl\1489809
005 20260407221540.0
010 _a978-5-9954-0067-7
_9100
021 _aRU
_b2010-6318
_9407
035 _a(nilc)RSL-KNO-004577172
035 _a(NLR Aleph) 001481389
090 _a1705716
_c1705716
100 _a20100205d2009 |||y0rusy50 ca
101 0 _arus
102 _aRU
105 _aa |||||||||
200 1 _aСоциально-педагогическое проектирование деятельности ученических коллективов в развитии воспитательного пространства: от эксперимента к педагогической практике
_eГОУ Кадетская школа № 1784
_e[сборник статей]
_fДеп. образования г. Москвы, Моск. гуманит. пед. ин-т [и др.
_gсост.: Б.А. Кирмасов, Е.В. Рыбина
_gпод общ. ред. Б.А. Кирмасова]
210 _aМосква
_cМГПИ
_d2009
215 _a55 с.
_cил.
_d21
300 _aВ надзаг. также: Сев. окр. упр. образования, Гор. эксперим. площадка: "Общеобразоват. шк.: науч.-метод. проектирование модели проф. компетентности клас. рук. в решении задач совершенствования содерж. воспит. процесса"
320 _aБиблиогр.: с. 54 (11 назв.)
517 0 _aГОУ Кадетская школа № 1784
601 0 2 _aКадетская школа
_c1784; Москва, город
_jСборники
_xУчебно-воспитательная работа
_92621421
_3RU\NLR\auth\661557981
686 _aЧ421,6(2)3,0
_2rubbk
686 _aЧ421.2я43
686 _aЧ421.3я43
686 _aЧ424(2)714я43
702 1 _aКирмасов
_bБ. А.
_gБорис Алексеевич
_4220
712 0 2 _4570
_aКадетская школа
_c1784; Москва
_9791537
_3RU\NLR\AUTH\8810148493
801 0 _aRU
_bРГБ
_c20100205
_grcr
801 1 _aRU
_bРГБ
_c20100205
801 2 _aRU
_bNLR
_c20100324
_grcr
942 _cBOOK
980 _aNB